| 000 | 01384nam a2200337 i 4500 | ||
|---|---|---|---|
| 001 | 000000120 | ||
| 003 | DO-SdBNP | ||
| 005 | 20260204090833.0 | ||
| 007 | ta | ||
| 008 | 081127s1971 dr 001 0 spa d | ||
| 040 |
_aDO-SdBNP _bspa _cBNPHU _erda |
||
| 041 | _aspa | ||
| 082 | 4 |
_a177.1 _bC314c 1971 _222 |
|
| 100 | 1 |
_aCarreño, Manuel Antonio, _eautor _9400 _4aut. |
|
| 245 | 1 | 0 |
_aCompendio del manual de urbanidad y buenas maneras / _cManuel Antonio Carreño. |
| 264 |
_aSanto Domingo, República Dominicana : _bLibrería Dominicana, _c1971. |
||
| 300 |
_a135 paginas ; _c19 cm. |
||
| 336 |
_atexto _btxt _2rdacontent |
||
| 337 |
_asin mediación _bn _2rdamedia |
||
| 338 |
_avolumen _bnc _2rdacarrier |
||
| 505 | 0 |
_tDeberes morales del hombre -- _tDe los deberes para con la sociedad -- _tUrbanidad -- _tDel aseo -- _tDel modo de conducirnos dentro de la casa -- _tModo de conducirnos en diferentes lugares fuera de nuestra casa -- _tModo de conducirnos en sociedad -- _tDiferentes aplicaciones de la urbanidad. |
|
| 590 | _aInventariado, 2018/MFF | ||
| 650 | 0 |
_aCortesía _9401 |
|
| 650 | 7 |
_aConducta de vida _911947 _2LIBRUNAM |
|
| 650 | 0 |
_aEtiqueta _9402 |
|
| 650 | 0 |
_aFormulas de tratamiento _9403 |
|
| 650 | 0 |
_aHospitalidad _9404 |
|
| 651 | 7 |
_aRepública Dominicana _xVida social y costumbres _9405 _2LIBRUNAM |
|
| 910 | _aValidado. Control de calidad EMS | ||
| 942 |
_2ddc _cLBS1 |
||
| 999 |
_c120 _d120 |
||